Catálogo

Manual de bioética. (Registro nro. 56698)

Detalles MARC
000 -LEADER
fixed length control field 01317cam a2200325 i 4500
001 - CONTROL NUMBER
control field 56698
003 - CONTROL NUMBER IDENTIFIER
control field Mx-PuUPA
005 - DATE AND TIME OF LATEST TRANSACTION
control field 20240410104052.0
008 - FIXED-LENGTH DATA ELEMENTS--GENERAL INFORMATION
fixed length control field 140415s2009 sp gr 001 0 spa d
020 ## - INTERNATIONAL STANDARD BOOK NUMBER
International Standard Book Number 9788422014072
Qualifying information obra completa
020 ## - INTERNATIONAL STANDARD BOOK NUMBER
International Standard Book Number 9788422014089
Qualifying information vol.I
040 ## - CATALOGING SOURCE
Original cataloging agency MX-PuUPA
Language of cataloging spa
Description conventions rda
Transcribing agency Mx-PuUPA
Modifying agency Mx-PuUPA
041 1# - LANGUAGE CODE
Language code of text/sound track or separate title spa
Language code of original ita
100 1# - MAIN ENTRY--PERSONAL NAME
Personal name Sgreccia, Elio,
Relator term autor
9 (RLIN) 5905
240 10 - UNIFORM TITLE
Uniform title Manuale di bioetica. I. Fondamenti ed biomedica.
Language of a work Español
245 10 - TITLE STATEMENT
Title Manual de bioética.
Number of part/section of a work Volumen 1.
Remainder of title Fundamentos y ética biomédica /
Statement of responsibility, etc. Elio Sgreccia ; equipo de traductores, coordinado por Pablo Cervera Barranco [y otros cuatro]
264 #1 - PRODUCTION, PUBLICATION, DISTRIBUTION, MANUFACTURE, AND COPYRIGHT NOTICE
Place of production, publication, distribution, manufacture Madrid :
Name of producer, publisher, distributor, manufacturer Biblioteca de Autores Cristianos,
Date of production, publication, distribution, manufacture, or copyright notice 2009
300 ## - PHYSICAL DESCRIPTION
Extent xx, 968 páginas ;
Dimensions 24 cm.
336 ## - CONTENT TYPE
Content type term texto
Fuente rdacontent
Content type code txt
337 ## - MEDIA TYPE
Media type term sin medio
Source rdamedia
Media type code n
338 ## - CARRIER TYPE
Carrier type term volumen
Source rdacarrier
Carrier type code nc
490 0# - SERIES STATEMENT
Series statement Biblioteca de Autores Cristianos Maior ;
Volume/sequential designation 91
650 #7 - SUBJECT ADDED ENTRY--TOPICAL TERM
Topical term or geographic name entry element Bioética
Source of heading or term armarc
700 1# - ADDED ENTRY--PERSONAL NAME
Personal name Cervera Barranco, Pablo,
Relator term traductor
765 0# - ORIGINAL LANGUAGE ENTRY
Main entry heading Sgreccia, Elio, 1928-
Title Manuale di bioetica. I. Fondamenti ed biomedica.
Edition 4a. edición
942 ## - ADDED ENTRY ELEMENTS (KOHA)
Source of classification or shelving scheme Dewey Decimal Classification
Koha item type Libro
Classification part 174.2
Item part S523
Existencias
Withdrawn status Lost status Source of classification or shelving scheme Damaged status Not for loan Collection code Home library Current library Shelving location Date acquired Source of acquisition Serial Enumeration / chronology Full call number Barcode Date last seen Price effective from Koha item type Total Checkouts Date last checked out Copy number
    Dewey Decimal Classification     Referencia Biblioteca Karol Wojtyla Biblioteca Karol Wojtyla Área de silencio 03/12/2013 Compra v.1 174.2 S523 2009 85659 05/01/2026 03/05/2018 Libro R      
    Dewey Decimal Classification     General Biblioteca Karol Wojtyla Biblioteca Karol Wojtyla Sala general 03/12/2013 Donación v.1 174.2 S523 2009 49776 05/01/2026 03/12/2013 Libro 2 17/02/2025 Ej.2